Регионална библиотека "Любен Каравелов" - Русе

Майната им на хилядата динара (Запис номер 193894)

MARC детайли
000 -Лидер
Контролно поле с фиксирана дължина 01375nam a2200361 c 4500
003 - Код на организацията, давaща контролен номер
Контролно поле BLK
005 - Дата и час на последна редакция
Контролно поле 20250127145638.0
008 - Елементи от данни с фиксирана дължина
fixed length control field 180411b bul|||||r ||||||| ||bul||
010 ## - Наследен системен номер
LC control number KNG00203117000
020 ## - Международен стандартен номер на книга ISBN
Международен стандартен номер на книга ISBN 978-954-8689-94-6
040 ## - Източник на каталожния запис
Идентификатор на билиотеката - собственик на записа BLK
041 ## - Код за език
Код за езика на текст/звукозапис или на отделно заглавие Български
Код за езика КДБФ Български
072 #7 - Код за тематичната категория
Код организация bullib
Код за тематична категория Н83
Текст Чужда художествена литература Н
080 ## - УДК
Текстов определител УДК Хърватска литература
УДК код - определител по УДК 821.163.42
УДК определител -31
УДК - код + определител 821.163.42-31
100 1# - Редна дума - Автор
Автор Дежулович, Борис
Авторска отговорност първи автор
R(LIN) 59302
139 ## - Редно поле
Редна дума Дежулович, Борис
Авторски знак Дед - Д 33
245 10 - Сведения за заглавието
Заглавие Майната им на хилядата динара
Редно поле (дума) Борис Дежулович; Русанка Костова Ляпова.
257 ## - Страна на издаване
Страна на създаване/издаване Хърватия
260 ## - Област на издателските данни
Име на издателя, разпространителя и проч. ЕРГО
Година на издаване 2016
Печатница София : Диджитал принт експрес
300 ## - Физическа характеристика
Страници 246 с.
Размери/Мащаб 20 см
380 ## - Жанр
Жанр Худож. лит.
490 1# - СЕРИИ (Колекции)
Име на серия Модерна европейска проза
500 ## - Общи забележки
Забележка Ориг. загл.: Jebo sad hiljadu dinara. - Биография: с. 240-243
659 ## - Тематичен бюлетин
Тематичен бюлетин Н
700 1# - Други автори (авторска отговорност)
Лично име Ляпова, Русанка Костова
9 (RLIN) 368468
852 ## - Местоположение
Форматна сигнатура Цб 284628
856 4# - Електронен адрес и достъп
Електронен формат pdf - файл
856 4# - Електронен адрес и достъп
Електронен формат pdf - файл
999 ## - СИСТЕМНИ КОНТРОЛНИ НОМЕРА
Koha biblionumber 193894
Koha biblioitemnumber 193894
942 ## - АРТИКУЛИ
Вид на библиотечния материал Книги
Скрит в OPAC Не
Периодичен библиозапис Да
Koha issues (borrowed), all copies 6
944 ## - СЪЗДАВАНЕ И РЕДАКЦИЯ на ЗАПИСА
Създаване/Редакция Създаване
Дата на регистрацията/редакция 15.03.2017
Служител, извършил регистрацията/редакцията 30576
Статус, дата на статуса Цветомила Тодорова
944 ## - СЪЗДАВАНЕ И РЕДАКЦИЯ на ЗАПИСА
Създаване/Редакция Редакция
Дата на регистрацията/редакция 15.03.2017
Служител, извършил регистрацията/редакцията Пенка_Димитрова
999 ## - СИСТЕМНИ КОНТРОЛНИ НОМЕРА
Koha biblioitemnumber 193894
Наличности
Код за отписване Код за изгубен артикул Код за повреда Коз за рестрикции Код за отдаване Артикулен № Име на библиотеката - собственик Име на библиотеката, в която се намира в момента Статус (Текущо местоположение) Дата на вписване в системата Местоположение - отдел Цена в лева Инвентарен номер Систематично азбучна сигнатура Баркод Номер на екземпляра Цена в евро Служебна бележка Служебен тип на артикула Източник на класификационната схема
  Не е изгубен Не е повреден без рестрикции ползва се в читалня 339387 Регионална библиотека "Любен Каравелов" Русе Регионална библиотека "Любен Каравелов" Русе Хранилище 2017-03-18 Хранилище 13.00 120000808943 Цб 284628 120000808943 1 6.65 Дост: Dp Вид: Д N: 6 Дата: 23.01.2017 Книги  
  Не е изгубен Не е повреден   заемане за дома 749906 Регионална библиотека "Любен Каравелов" Русе Регионална библиотека "Любен Каравелов" Русе Заемна - подръчен фонд 2019-11-26 Заемна - подръчен фонд 9.10   П 886-31/.6/Д 33 120000838074   4.65   Книги Universal Decimal Classification
Vip Innovations Ltd, Rousse, Bulgaria 2025